000 00425nam a2200181Ia 4500
008 151213s9999 xx 000 0 und d
020 _a81-87567-31-7
082 _a340
_b340
100 _aSen /Mitra
245 _aCommercial Law
_cSen /Mitra
250 _a23frd
260 _aKolkata
_bThe World Press Print Ltd.
_c2001
300 _a7278 p.
650 _aLaw
650 _aLaw
700 _aSen /Mitra
999 _c3858
_d3858